Fifth five-year plan of Orissa : draft (Record no. 496830)

000 -LEADER
fixed length control field 00376cam a22001097a 4500
008 - FIXED-LENGTH DATA ELEMENTS--GENERAL INFORMATION
fixed length control field 180718b1973 xxu||||| |||| 00| 0 eng d
082 ## - DEWEY DECIMAL CLASSIFICATION NUMBER
Classification number T000x5414 1974-79d
245 ## - TITLE STATEMENT
Title Fifth five-year plan of Orissa : draft
Statement of responsibility, etc. by Planning & Co-Ordination Department
260 ## - PUBLICATION, DISTRIBUTION, ETC.
Place of publication, distribution, etc. Bhubaneswar
Name of publisher, distributor, etc. Government of Orissa
Date of publication, distribution, etc. 1973
300 ## - PHYSICAL DESCRIPTION
Extent 658p.
700 ## - ADDED ENTRY--PERSONAL NAME
Personal name Orissa.Planning & Co-Ordination Department
Holdings
Withdrawn status Lost status Damaged status Not for loan Permanent Location Current Location Date acquired Full call number Barcode Date last seen Price effective from Koha item type
        Indian Institute of Public Administration Indian Institute of Public Administration 2018-08-04 T000x5414 1974-79d GG14955 2018-08-04 2018-08-04 GG
        Indian Institute of Public Administration Indian Institute of Public Administration 2018-08-04 T000x5414 1974-79d GG13781 2018-08-04 2018-08-04 GG

Powered by Koha